Κεντρική Αμερική και Καραϊβική - Κουίζ Χάρτη - Statistics

General Stats
  • This quiz has been taken 74 times
  • The average score is 11 of 14
Answers on the Map
Answers color-coded by a green-red scale on the quiz's map according to % correct below.
 
Answer Stats
Answer % Correct
Παναμάς
95%
Γουατεμάλα
85%
Δομινικανή Δημοκρατία
85%
Κόστα Ρίκα
83%
Μπελίζ
83%
Κούβα
83%
Νικαράγουα
80%
Ονδούρα
78%
Ελ Σαλβαδόρ
78%
Μπαχάμες
78%
Τρινιντάντ και Τομπάγκο
78%
Τζαμάικα
75%
Αϊτή
75%
Πουέρτο Ρίκο (ΗΠΑ)
68%
No matching quizzes found
Score Distribution
Percent of People with Each Score
Percentile by Number Answered
Your Score History
You have not taken this quiz